Ptáci našich zahrad : v životní velikosti /

Hlavní autor: Strauß, Daniela
Další autoři: Hartl, Miroslav, 1958-
Jazyk: Čeština
Vydáno: Praha : Grada, 2015
Vydání: První vydání
Témata:
Fyzický popis: 107 stran : barevné ilustrace ; 20 cm
Knihy
Uloženo v:
LEADER 01899nam a2200565 i 4500
001 nkc20152691227
003 CZ PrNK
005 20150714125204.0
007 ta
008 150403s2015 xr a e f 001 0 cze
015 |a cnb002691227 
020 |a 978-80-247-5600-4  |q (brožováno) 
035 |a (OCoLC)913564101 
040 |a OLA001  |b cze  |e rda 
041 1 |a cze  |h ger 
043 |a ec----- 
072 7 |a 59  |x Zoologie  |2 Konspekt  |9 2 
080 |a 598.2  |2 MRF 
080 |a 591.9  |2 MRF 
080 |a 635.047  |2 MRF 
080 |a (4-191.2)  |2 MRF 
080 |a (084.42)  |2 MRF 
100 1 |a Strauß, Daniela  |7 ola2015874557  |4 aut 
240 1 0 |a Gartenvögel lebenstroß.  |l Česky 
245 1 0 |a Ptáci našich zahrad :  |b v životní velikosti /  |c Daniela Straußová ; přeložil: Miroslav Hartl 
246 1 8 |a Ptáci našich zahrad v životní velikosti 
250 |a První vydání 
264 1 |a Praha :  |b Grada,  |c 2015 
300 |a 107 stran :  |b barevné ilustrace ;  |c 20 cm 
336 |a text  |b txt  |2 rdacontent 
337 |a bez média  |b n  |2 rdamedia 
338 |a svazek  |b nc  |2 rdacarrier 
500 |a Přeloženo z němčiny 
500 |a Obsahuje rejstřík 
650 0 7 |a ptáci  |7 ph115956  |2 czenas 
650 0 7 |a fauna  |7 ph114529  |z Evropa střední  |2 czenas 
650 0 7 |a zahrady  |7 ph116727  |2 czenas 
650 0 9 |a birds  |2 eczenas 
650 0 9 |a fauna  |z Europe, Central  |2 eczenas 
650 0 9 |a gardens  |2 eczenas 
655 7 |a atlasy  |7 fd131835  |2 czenas 
655 9 |a atlases  |2 eczenas 
700 1 |a Hartl, Miroslav,  |d 1958-  |7 xx0136436  |4 trl 
910 2 |a BOA001  |b 1-1347.870 
928 9 |a Grada Publishing 
990 |a BK 
995 |a 01 
991 |b 201507  |c NOV  |e n 
996 6 |b 2610635747  |c 1-1347.870  |l MZK  |r Sklad / do 1 hodiny  |n 1  |p p.v.  |w 001509413  |u 000010  |a 1  |e BOA001  |j MZK50  |s P 
996 7 |b 2610638678  |c 1-1347.870  |l Vol.výběr  |r VV 0p  |n 6  |p kup  |h 598.2 STR  |w 001509413  |u 000020  |a 0  |e BOA001  |j MZK50  |s A